| 000 | 00407nam a2200157Ia 4500 | ||
|---|---|---|---|
| 008 | 240729s9999 xx 000 0 und d | ||
| 022 | _a2986-528X | ||
| 245 | 0 | _aMetro Islamic Law Review | |
| 260 | _aIndonesia | ||
| 260 | _bFakultas Syariah IAIN Metro | ||
| 650 | _a Islamic law | ||
| 650 | _aLaw | ||
| 856 | _uhttps://doaj.org/toc/b91c4a55cbd24d67982b521f806391fd | ||
| 942 | _2ddc | ||
| 942 | _cDOAJEJ | ||
| 999 |
_c67132 _d67132 |
||
| 945 |
_a1 _bMadushi Gamage _c1 _dMadushi Gamage |
||